000 00491nam a2200157 i 4500
001 76546
003 ES-MaACL
005 20230906172857.0
007 t|
008 041004s1970 sp ||||1| spa d
245 0 0 _aGuía de información turística de Baleares /
_cversión española, francesa, inglesa y alemana.
250 _a4º ed.
260 _aPalma de Mallorca :
_b[s.n.,
_c1970] (
_eValencia :
_fImp. Domenech)
300 _a396 p. ;
_c21 cm.
852 _aES-MaACL
_jC-46246
_bR.74342
999 _c76546
_d76546